000 00395nam a22001697a 4500
003 MPLRDC
005 20220104124628.0
008 210129b ||||| |||| 00| 0 eng d
082 _a684 HD
100 _a黄埭编著
245 _a中国地理第一奇
_c
250 _a初版
260 _a
_b莲坊出版社
_c1985
300 _b
650 _a中国名胜古迹
942 _cBK
_o684 HD
999 _c20862
_d20852